000 00718pam a2200241 a 4500
001 3871692
005 20171219035940.0
008 891012s1990 mau b 001 0 eng
010 _a 89021990
020 _a089608373X :
_c$25.00
020 _a0896083721 (pbk.) :
_c$10.00
040 _aDLC
_cDLC
_dDLC
041 _aeng
080 _a361.61
082 0 0 _a361.61 BOO
_220
100 1 _a50
101 _aSOC
245 1 0 _aRemaking society :
_cMurray Bookchin.
504 _aIncludes bibliographical references (p. [205]-207) and index.
906 _a7
_bcbc
_corignew
_d1
_eocip
_f19
_gy-gencatlg
942 _2ddc
_cBK
999 _c39137
_d39137